Isole più grandi del mondo - Morte improvvisa - Statistics

Statistiche generali
  • Questo quiz è stato fatto 366 volte
  • Il punteggio medio è 3 su 10
Answers on the Grid
Answers color-coded by a green-red scale on the quiz's grid according to % correct below.
Groenlandia
Nuova Guinea
Borneo
Madagascar
Isola di Baffin
Sumatra
Honshū
Isola Victoria
Gran Bretagna
Isola di Ellesmere
Sulawesi
Isola del Sud
Giava
Isola del Nord
Luzon
Terranova
Cuba
Islanda
Mindanao
Irlanda
Hokkaidō
 
Statistiche sulle risposte
Risposta % Corretto
Groenlandia
64%
Madagascar
60%
Gran Bretagna
50%
Nuova Guinea
31%
Borneo
22%
Sumatra
14%
Isola di Baffin
9%
Isola di Ellesmere
9%
Honshū
8%
Isola Victoria
5%
Nessun quiz corrispondente trovato
Distribuzione punteggi
Percentuale di utenti per punteggio
Percentile per numero di risposta
I tuoi punteggi nel tempo
Non hai fatto questo quiz